000 00323nam a2200133Ia 4500
008 151001s9999||||xx |||||||||||||| ||und||
100 _aना ह आपटे
245 _aअपेक्षा
250 _a1
260 _bआपटे आणि मंडळीÇ
260 _c1949
300 _a230
365 _b7
999 _c952383
_d952380